Ku skloňovaniu prídavných mien typu papagájí

Bibliographic Details
Main Author: Dvonč, Ladislav, 1926-2003 (Author)
Format: Article
Language:Slovak
Subjects:

MARC

LEADER 00000nab a2200000 a 4500
001 vtls009176099
003 SK-MaSNL
005 20260303191048.0
008 140513c1964 xo |r|p|||||||000 b|slo
015 |a SNBRB2008/01  |2 snkbucl 
038 |a SNKBUCL 
040 |a SNKBUCL  |b slo  |c SNKBUCL  |e AACR2 
041 0 |a slo 
044 |a xo  |c SK 
080 |a 811.162.4`367.623.6:81`366.2  |2 2001 
080 |a 81`367.623.6:811.162.4:81`366.2  |2 2001 
080 |a 81`366.2:811.162.4  |2 2001 
080 |a 811.162.4`366.2  |2 2001 
100 1 |a Dvonč, Ladislav,  |d 1926-2003  |4 aut  |9 101854 
245 1 0 |a Ku skloňovaniu prídavných mien typu papagájí  |c L. Dvonč 
500 |a V rubrike Rozličnosti 
650 0 7 |a slovenčina  |2 snkbucl  |9 1350 
650 0 7 |a prídavné mená  |2 snkbucl  |9 1324 
650 0 7 |a privlastňovacie prídavné mená  |2 snkbucl  |9 100721 
650 0 7 |a druhové privlastňovacie prídavné mená typu papagájí  |2 snkbucl  |9 1220065 
650 0 7 |a skloňovanie  |2 snkbucl  |9 14577 
773 0 |t Slovenská reč  |g Roč. 29, č. 1 (1964), s. 59-60 
852 |a SNK  |b KIS3GCP 
958 |a SK 
999 |c 2139307  |d 2141237